| 000 | 00694cam a22001937a 4500 | ||
|---|---|---|---|
| 020 | _a9781461413134 (hbk. : alk. paper) | ||
| 020 | _a1461413133 (hbk. : alk. paper) | ||
| 020 | _z9781461413141 (ebk.) | ||
| 050 | 0 | 0 |
_aQA276 _b.Z84 2012 |
| 100 | 1 |
_aZwet, Willem R. van, _d1934- |
|
| 245 | 1 | 0 |
_aSelected works of Willem van Zwet / _cSara van de Geer, Marten Wegkamp, editors. |
| 260 |
_aNew York, NY : _bSpringer, _cc2012. |
||
| 300 | _axxiv, 484 p. ; | ||
| 700 | 1 | _aGeer, S. A. van de | |
| 700 | 1 | _aWegkamp, M. H. | |
| 856 | 4 | 2 | _uhttp://www.loc.gov/catdir/enhancements/fy1316/2011942156-d.html |
| 856 | 4 | 1 | _uhttp://www.loc.gov/catdir/enhancements/fy1316/2011942156-t.html |
| 942 |
_2lcc _cGEN |
||
| 999 |
_c11781 _d11781 |
||